Histoire du peuple d'Israel / (Record no. 163272)

MARC details
000 -LEADER
campo de control de longitud fija 00709nam a22002055i 4500
001 - NÚMERO DE CONTROL
campo de control 163272
003 - IDENTIFICADOR DE NÚMERO DE CONTROL
campo de control ES-MaACL
005 - FECHA Y HORA DE LA ÚLTIMA TRANSACCIÓN
campo de control 20250703063120.0
008 - DATOS DE LONGITUD FIJA--INFORMACIÓN GENERAL
campo de control de longitud fija 050714m1887 fr |||| | fre d
040 ## - FUENTE DE CATALOGACIÓN
Centro catalogador/agencia de origen CAM
Lengua de catalogación spa
Centro/agencia transcriptor CAM
100 1# - ENTRADA PRINCIPAL--NOMBRE DE PERSONA
Nombre de persona Renan, Ernest,
Fechas asociadas al nombre 1823-1892
9 (RLIN) 96168
245 10 - MENCIÓN DEL TÍTULO
Título Histoire du peuple d'Israel /
Mención de responsabilidad, etc. par Ernest Renan.
250 ## - MENCION DE EDICION
Mención de edición 3e éd.
260 ## - PUBLICACIÓN, DISTRIBUCIÓN, ETC.
Lugar de publicación, distribución, etc. Paris :
Nombre del editor, distribuidor, etc. Calmann Lévy, Ancienne Maison Michel Lévy Frères,
Fecha de publicación, distribución, etc. 1887 (
Lugar de fabricación/manufactura Bourloton :
Fabricante Imprimeries réunies)
300 ## - DESCRIPCIÓN FÍSICA
Extensión v. ;
Dimensiones 22 cm.
597 ## - NOTA DE DESCRIPCIÓN FÍSICA
NOTA DE DESCRIPCIÓN FÍSICA T. I, 1887 (XXIX, 455 p.)
651 #4 - PUNTO DE ACCESO ADICIONAL DE MATERIA--NOMBRE GEOGRÁFICO
Nombre geográfico Israel-
Subdivisión general Historia.
9 (RLIN) 8858
852 ## - LOCALIZACIÓN
Ubicación ES-MaACL
Número de control de estantería F-11104
Nota libre -- Enc. pasta española
condición física -- Sólo el t. I
Holdings
Estatus retirado Estado de pérdida Estado de daño No para préstamo Colección Biblioteca de origen Biblioteca actual Ubicación en estantería Fecha de adquisición Fuente de adquisición Total de préstamos Signatura topográfica completa Código de barras Visto por última vez Precio de reemplazo Tipo de ítem Koha
        Libros del s. XIX Biblioteca del Ateneo de Madrid Biblioteca del Ateneo de Madrid Sala Pecera Planta 2 17/01/2008     F-11104 1171092 23/02/2023 23/02/2023 Libro impreso antiguo